书目信息 |
| 题名: |
例解装饰装修工程识图与预算
|
|
| 作者: | 张国栋 主编 | |
| 分册: | ||
| 出版信息: | 北京 化学工业出版社 2015.05 |
|
| 页数: | 186页 | |
| 开本: | 29cm | |
| 丛书名: | ||
| 单 册: | ||
| 中图分类: | TU238 | |
| 科图分类: | ||
| 主题词: | 建筑装饰--jian zhu zhuang shi--建筑制图--识图 , 建筑装饰--jian zhu zhuang shi--工程造价 | |
| 电子资源: | ||
| ISBN: | 978-7-122-22826-0 | |
| 000 | 01023nam0 2200253 450 | |
| 001 | CAL 0120151533489 | |
| 005 | 20150819161833.40 | |
| 010 | @a978-7-122-22826-0@dCNY39.00 | |
| 100 | @a20150413d2015 em y0chiy50 ea | |
| 101 | 0 | @achi |
| 102 | @aCN@b110000 | |
| 105 | @aak z 000yy | |
| 106 | @ar | |
| 200 | 1 | @a例解装饰装修工程识图与预算@Ali jie zhuang shi zhuang xiu gong cheng shi tu yu yu suan@f张国栋主编 |
| 210 | @a北京@c化学工业出版社@d2015.05 | |
| 215 | @a186页@c图@d29cm | |
| 330 | @a本书以住房和城乡建设部新颁布的《建设工程工程量清单计价规范》 (GB 50500-2013) 、《房屋建筑与装饰工程工程量计算规范》 (GB 50854-2013) 和部分省、市的预算定额为依据编写, 在交代必要的建筑装饰识图基本知识的基础上, 重点讲述了建筑装饰装修工程预算的计算方法。 | |
| 586 | @a | |
| 606 | 0 | @a建筑装饰@Ajian zhu zhuang shi@x建筑制图@x识图 |
| 606 | 0 | @a建筑装饰@Ajian zhu zhuang shi@x工程造价 |
| 690 | @aTU238@v5 | |
| 701 | 0 | @a张国栋@Azhang guo dong@4主编 |
| 801 | 0 | @aCN@c20150820 |
| 905 | @a河南城建学院图书馆@dTU238@eZ1001@f3 | |
| 例解装饰装修工程识图与预算/张国栋主编.-北京:化学工业出版社,2015.05 |
| 186页:图;29cm |
| ISBN 978-7-122-22826-0:CNY39.00 |
| 本书以住房和城乡建设部新颁布的《建设工程工程量清单计价规范》 (GB 50500-2013) 、《房屋建筑与装饰工程工程量计算规范》 (GB 50854-2013) 和部分省、市的预算定额为依据编写, 在交代必要的建筑装饰识图基本知识的基础上, 重点讲述了建筑装饰装修工程预算的计算方法。 |
| ● |
| 相关链接 |
|
|
|
正题名:例解装饰装修工程识图与预算
索取号:TU238/Z1001
 
预约/预借
| 序号 | 登录号 | 条形码 | 馆藏地/架位号 | 状态 | 备注 |
| 1 | 1166389 | 211663895 | 建筑库101/101建筑库 51排2列2层/ [索取号:TU238/Z1001] | 在馆 | |
| 2 | 1166390 | 211663902 | 建筑库101/101建筑库 51排2列2层/ [索取号:TU238/Z1001] | 在馆 | |
| 3 | 1166391 | 211663911 | 建筑库101/101建筑库 51排2列2层/ [索取号:TU238/Z1001] | 在馆 |